000 00237nam a2200097Ia 4500
001 1076112
005 20250827002251.0
008 250824s9999 xx 000 0 und d
245 0 _aPENCEREDEN
_cGÜRAY SÜNGÜ
260 _bKETEBE YAYINLARI
999 _c1076112
_d1076112